| 000 | 00777cam a2200193 4500 | ||
|---|---|---|---|
| 001 | WB3726-02 | ||
| 008 | 000000n2001 000 0 eng u | ||
| 035 | _a(Sirsi) u113507 | ||
| 245 | _aQuality mark scheme launched | ||
| 260 | _ac2001 | ||
| 490 |
_aDTI Press Release _v(p/2001/344) 5 July 2001, (3) |
||
| 520 | _aLaunch of quality mark scheme promising to build confidence for consumers and repute for tradesmen. Scheme places the names of builders and tradesmen who reach the standard required on a register. The register can be accessed by dialing 0845 300 80 40 or via the internet at; http://www.qualitymark.org.uk | ||
| 590 | _aWB | ||
| 650 | _aCOWBOY BUILDERS | ||
| 650 | _aQUALITY MARK | ||
| 650 | _aCONTRACTORS | ||
| 690 | _aBUILT ENVIRONMENT | ||
| 942 | _n0 | ||
| 999 |
_c67615 _d67615 |
||